000 00799nam a2200289Ia 4500
003 OSt
005 20221006154124.0
006 a|||||r|||| 00| 0
007 ta
008 221006b |||||||| |||| 00| 0 eng d
020 _a0691121260
024 _a34,472
037 _cTextual
040 _aEASL
_cEASL
_beng
041 _2eng
_aeng
082 _aY0aXg, N4;1
100 _aSmelser Neil J Ed.
245 0 _aHandbook of economic sociology
250 _a2nd Edi.
260 _aNew Jersey
_bPrinceton University Press
_c1994
300 _a736p.
_ccm.
490 _v TB
650 _aEconomics-Sociological aspect
_9666697
700 _a Swedberg Richard Ed.
942 _hY0aXg, N4;1
_cTEXL
_2CC
999 _c1102558
_d1102558